French Second-level subdivisions in North America - Statistics

General Stats
  • This quiz has been taken 26 times
  • The average score is 3 of 6
Answers on the Map
Answers color-coded by a green-red scale on the quiz's map according to % correct below.
 
Answer Stats
Answer % Correct
Guadeloupe
100%
Martinique
95%
St. Pierre
90%
Miquelon-Langlade
14%
Au Vent
10%
Sous le Vent
10%
No matching quizzes found
Score Distribution
Percent of People with Each Score
Percentile by Number Answered
Your Score History
You have not taken this quiz